000
00280nam a2200121Ia 4500
008
231129s9999||||xx |||||||||||||| ||spa||
040
_b
spa
082
_a
M864 C263
100
_a
Carballo Emmanuel
245
0
_a
Narrativa mexicana de hoy
264
_a
Alianza
942
_2
ddc
_c
BKS
999
_c
21604
_d
21604